Guerre et Paix - Statistiques

Statistiques générales
  • Ce quiz a été pris 287 fois
  • Le résultat moyen est 11 sur 23
Statistiques - réponses
Question Réponse % Correct
Un désaccord entre deux partis (Etats, groupe d’individus) qui entraîne des tensions très fortes c'est : Un conflit
97%
Quand la guerre est souvent proportionnée aux moyens disponibles c'est : Guerre limitée
94%
Un conflits entre deux partis dans lesquels vont se pratiquer des actes de violences armées organisées c'est : Une guerre
94%
Une guerre menée par des combattants ne faisant pas partie d’une armée régulière, ne relevant pas d’un Etat c'est : Guerre irrégulière
85%
En quelle année a été créé l'ONU ? 1945
73%
Quelle organisation a été crée en 1919, pour remédier à cela ? La Société des Nations
70%
Quand la guerre vise à anéantir l’adversaire en utilisant tous les moyens c'est : Guerre absolue
67%
Quand la guerre dont les conséquences et les implications ne se limitent pas aux champs de bataille mais touchent l’ensemble des sociétés des pays mobilisés c'est : Guerre totale
67%
Quelle est l'action des casques bleus ? Maintenir la paix
67%
La guerre de 1870 était : Une guerre conventionnelle / Interétatique
64%
En Somalie en1991, il y a eu : Une guerre civile / Intraétatique
61%
La guerre d'Algérie était : Une guerre asymétrique
48%
Une paix d'équilibre c'est : état d'un système dans lequel les forces opposées se réduisent mutuellement à l'inaction
39%
Une paix de droit c'est : dignité au vivre ensemble en paix de toute personnes, groupes et peuples
36%
A partir des années 80 y a t'il eu : Une augmentation du nombre de guerre
33%
Une paix d'union politique c'est : association entre Etats qui renonce à parti de leur souveraineté au profit d'une autorité suprême
27%
Un exemple de paix de droit : L'Union Européenne
18%
Une paix d'hégémonie c'est : assurée d'une supériorité inébranlable
15%
Un exemple de paix d'hégémonie : L'Empire romain
15%
Un exemple sur la paix d'union politique : L'Allemagne aujourd'hui
12%
Une paix dictatoriale c'est : il y a toujours des tensions mais pas de conflit ni de guerre
9%
Un exemple de paix d'équilibre : L'Europe pendant la guerre froide
6%
Un exemple sur la paix dictatoriale : L'Europe du congrès de Vienne
3%
Aucun quiz correspondant
Distribution des résultats
% des personnes avec chaque résultat
Percentile par nombre de réponses
Votre historique - résultats
Vous n’avez pas pris ce quiz